000 00293nam a2200121Ia 4500
008 220204s9999 xx 000 0 und d
082 _a929A/Z(GAN)
_bEAS
100 _aEaswaran, Eknath
245 0 _aGandhi the man
250 _aEd.2
260 _aWellingborough
_bTurnstone
_c1983
942 _cBK
999 _c38688
_d38688